Tres obras de Schiller / (Record no. 10245)

000 -CABECERA
fixed length control field 00711nam a22002177a 4500
003 - IDENTIFICADOR DEL NÚMERO DE CONTROL
control field AR-CdUCM
008 - DATOS DE LONGITUD FIJA--INFORMACIÓN GENERAL
fixed length control field 190329b ||||| |||| 00| 0 spa d
040 ## - FUENTE DE LA CATALOGACIÓN
Agencia/entidad que catalogó originalmente la obra MUNICIPALIDAD PROVINCIAL DEL CUSCO
Entidad que transcribió la catalogación BIBLIOTECA MUNICIPAL DEL CUSCO
082 ## - NÚMERO DE LA CLASIFICACIÓN DECIMAL DEWEY
No. de la edición 2ed.
No. de Clasificación ES / 800 /
Notacion interna S31
100 ## - ENTRADA PRINCIPAL--NOMBRE DE PERSONA
Nombre Personal Schiller
245 ## - MENCIÓN DE TÍTULO
Título Tres obras de Schiller /
260 ## - PUBLICACIÓN, DISTRIBUCIÓN, ETC.
Lugar de publicación, distribución, etc. Buenos aires :
Nombre de la editorial, distribuidor, etc. Atlantida, S.A.,
Fecha de publicación, distribución, etc. 1949.
300 ## - DESCRIPCIÓN FÍSICA
Nº de Páginas Extensión 106 paginas ;
Dimensiones 17 cm.
440 ## - MENCIÓN DE SERIE/PUNTO DE ACCESO ADICIONAL--TÍTULO
Título Biblioteca Billiken.
Número de la parte/sección de una obra Colección roja.
9 (RLIN) 26981
505 ## - NOTA DE CONTENIDO CON FORMATO
Nota de contenido formateada Contenido :Schiller -- Los bandidos -- Guillermo Tell -- Don Carlos.
650 ## - PUNTO DE ACCESO ADICIONAL DE MATERIA--TÉRMINO DE MATERIA
Descriptor Literatura
9 (RLIN) 416
650 ## - PUNTO DE ACCESO ADICIONAL DE MATERIA--TÉRMINO DE MATERIA
Descriptor Edad media
9 (RLIN) 454
650 ## - PUNTO DE ACCESO ADICIONAL DE MATERIA--TÉRMINO DE MATERIA
Descriptor Secundaria
9 (RLIN) 26940
942 ## - ELEMENTOS DE PUNTO DE ACCESO ADICIONAL (KOHA)
Fuente de clasificación
Tipo de item Libros-BMC
945 ## - PROCESAMIENTO DE INFORMACIÓN LOCAL (OCLC)
Catalogador rum
Holdings
Estado de retiro (separado) Fuente de clasificación o esquema de estanterías Estado dañado Ubicación Sala donde se ubica Nombre de la colección Fecha de adquisición o compra Costo, precio normal en soles Signatura topográfica Código de Barras Última vez visto (Koha) Tipo de ítem (Koha)
No     Sala de Infantes Sala de Infantes Children's Area 2019-03-29 16.00 ES / 800 / S31 SI00000474 2019-03-29 Libros-BMC

Powered by Koha